000 00906nam a2200229 a 4500
001 53498
003 BD-RjUL
005 20211209075954.0
008 161016s1951 ii ||||| |||| 00| 0 ben d
020 _c: IRs 5.00
035 _a(BD-RjUL)53619
040 _aBD-RjUL
_bben
_cBD-RjUL
041 _aben
082 _223
_a891.4409
_bSEI 1951
100 _aসেন, সুকুমার
_9159923
245 1 0 _aইসলামি বাংলা সাহিত্য /
_cসুকুমার সেন
260 _aকলিকাতা :
_bবর্দ্ধমান সাহিত্যসভা,
_c১৯৫১ [১৩৫৮]
300 _a[৬], ১৯৫ পৃ. ;
_c২১ সেমি.
650 _aবাংলা সাহিত্য
_xইতিহাস ও সমালোচনা
_9159924
650 _aBengali Literature
_xHistory & Criticism
_9159925
942 _2ddc
_cBK
999 _c53498
_d53498